000
00354nam a2200121Ia 4500
008
231129s9999||||xx |||||||||||||| ||spa||
020
_a
0-13-641365-X
082
_a
658 D475o
100
_a
Dessler Gary
245
0
_a
Organizacion y administracion : Enfoque situacional
264
_a
Prentice Hall
942
_2
ddc
_c
BKS
999
_c
22162
_d
22162